Statistics for German Cars Scrabble

Click here to take the quiz!

General Stats

  • This quiz has been taken 71 times
  • The average score is 7 of 30

Answer Stats

HintAnswer% Correct
ADIUAudi
98%
BMWBMW
97%
ELOPOpel
78%
CDEMRSMercedes
73%
CEHOPRSPorsche
63%
AMSRTSmart
62%
DKWDKW
57%
AEGLKNOSVWVolkswagen
49%
AMNMAN
33%
FRURuf
29%
AILPNAlpina
21%
ABNRTTrabant
13%
9F9FF
6%
CHORHorch
6%
ABDGORWBorgward
5%
AMNORSYMansory
5%
ALOPApollo
3%
EGMPRTUGumpert
3%
CELOTLotec
3%
ABGRTUWWartburg
3%
AEGRTArtega
2%
BEIRT ACRSBitter Cars
2%
ACLNORSCarlsson
2%
ADEGEdag
2%
AEDIRSIsdera
2%
DLOYLloyd
2%
ELKMSUMelkus
2%
AERSTSetra
2%
ADENRWWanderer
2%
AEIMNSWWiesmann
2%

Score Distribution

Percentile by Number Answered

Percent of People with Each Score

Your Score History

You have not taken this quiz